| 000 | 00467nam a2200193Ia 4500 | ||
|---|---|---|---|
| 003 | GCL | ||
| 008 | 140319s9999 xx 000 0 eng d | ||
| 040 |
_aGCL / _cGCL |
||
| 082 | 0 | 4 |
_a611 _bR M |
| 100 | 1 | _aREAD, ALAN E. | |
| 245 | 1 | 0 |
_aMODERN MEDICINE / _cREAD, ALAN E. |
| 700 | 1 | _aHEWER, R.LANGTON(EDIT) | |
| 700 | 1 | _aBARRITT, D.W. | |
| 260 |
_a[S.N] : _bELBS ، _c1986 |
||
| 300 | _a710 P | ||
| 650 | 0 | 4 | _aPHYSICIANS |
| 650 | 0 | 4 | _aMEDICINE |
| 942 |
_2ddc _cBK |
||
| 999 |
_c19906 _d19906 |
||